<?xml version="1.0" encoding="UTF-8"?>
<record
    xmlns:xsi="http://www.w3.org/2001/XMLSchema-instance"
    xsi:schemaLocation="http://www.loc.gov/MARC21/slim http://www.loc.gov/standards/marcxml/schema/MARC21slim.xsd"
    xmlns="http://www.loc.gov/MARC21/slim">

  <leader>00349nam a22001217a 4500</leader>
  <controlfield tag="008">200220b           ||||| |||| 00| 0 eng d</controlfield>
  <datafield tag="020" ind1=" " ind2=" ">
    <subfield code="a">9788131519462</subfield>
  </datafield>
  <datafield tag="082" ind1=" " ind2=" ">
    <subfield code="a">006.43 NEG</subfield>
  </datafield>
  <datafield tag="100" ind1=" " ind2=" ">
    <subfield code="a"> NELSON, Bill, </subfield>
  </datafield>
  <datafield tag="245" ind1=" " ind2=" ">
    <subfield code="a">Guide to Computer Forensics and Investigations</subfield>
  </datafield>
  <datafield tag="250" ind1=" " ind2=" ">
    <subfield code="a">9th</subfield>
    <subfield code="b">Indian Reprint 2019</subfield>
  </datafield>
  <datafield tag="260" ind1=" " ind2=" ">
    <subfield code="a">New Delhi</subfield>
    <subfield code="b">Cengage Learning India</subfield>
  </datafield>
  <datafield tag="999" ind1=" " ind2=" ">
    <subfield code="c">8501</subfield>
    <subfield code="d">8501</subfield>
  </datafield>
  <datafield tag="952" ind1=" " ind2=" ">
    <subfield code="0">0</subfield>
    <subfield code="1">0</subfield>
    <subfield code="2">ddc</subfield>
    <subfield code="4">0</subfield>
    <subfield code="6">006_430000000000000_NEG</subfield>
    <subfield code="7">0</subfield>
    <subfield code="8">BTECHCSE</subfield>
    <subfield code="9">48948</subfield>
    <subfield code="a">PIET</subfield>
    <subfield code="b">PIET</subfield>
    <subfield code="d">2020-02-20</subfield>
    <subfield code="e">KIRTI PRAKASHAN NEW DELHI</subfield>
    <subfield code="f">IN Rupees</subfield>
    <subfield code="g">550.00</subfield>
    <subfield code="k">IN6150</subfield>
    <subfield code="l">1</subfield>
    <subfield code="o">006.43 NEG</subfield>
    <subfield code="p">31684</subfield>
    <subfield code="r">2023-10-16 00:00:00</subfield>
    <subfield code="s">2023-03-22</subfield>
    <subfield code="t">1</subfield>
    <subfield code="v">455.00</subfield>
    <subfield code="w">2020-01-23</subfield>
    <subfield code="y">BK</subfield>
  </datafield>
</record>
